[Event "15th Kesan Open 2017"]
[Site "Kesan"]
[Date "2017.08.14"]
[Round "2.6"]
[White "Stefanov, Emil"]
[Black "Ozcan, Ilker"]
[Result "1-0"]
[WhiteElo "2455"]
[BlackElo "1572"]
[Annotator "TA"]
[PlyCount "178"]
[EventCountry "TUR"]
[SourceTitle "playchess.com"]
[Source "ChessBase"]
[SourceQuality "1"]

{[%evp 16,178,-18,-18,-1,-4,0,-43,0,-20,-21,-22,-18,-13,0,0,0,-17,-28,-31,-26,-75,-75,-73,-72,-92,-90,-115,-83,-88,0,-149,-61,-122,-101,-110,-83,-72,-73,-64,-70,-271,-237,-251,-63,-62,-45,-98,-83,-99,0,-2,0,-3,0,0,0,0,0,0,4,0,0,-17,0,0,114,115,116,116,114,114,122,110,139,134,122,121,192,192,256,120,118,133,139,116,136,110,122,104,105,110,104,109,100,52,96,71,134,83,150,143,157,118,113,112,124,124,133,121,124,113,149,124,142,131,170,149,155,0,169,164,171,170,169,124,124,124,124,124,129,95,95,95,132,116,139,124,124,83,83,47,47,8,8,9,47,10,124,0,8,8,8,8,8,8,29967,29968,29967,29970,29966,12477,6099,5387,29977]} 1. d4 Nf6 2. c4 e6 3. Nc3 Bb4 4. e3 O-O 5. Nge2 d5 6. a3 Be7 7. Nf4 c6 8. Be2 Nbd7 {E46: Nimzo-Indian: Rubinstein: 4 e3 0-0 5 Ne2 without early Bd3} 9. O-O {LiveBook: 5 Games} Re8 (9... dxc4 10. Bxc4 e5 11. Nfe2 exd4 12. exd4 Nb6 13. Bb3 Nbd5 14. Re1 Be6 15. Bg5 Re8 16. Ng3 h6 17. Bxf6 Bxf6 18. Nh5 Nc7 19. Nxf6+ Qxf6 20. Ne4 Qe7 21. h3 Bxb3 22. Qxb3 {0-1 (30) Narciso Dublan,M (2551)-Nikolov,M (2542) Navalmoral 2012}) 10. b3 Bd6 $146 {The position is equal.} ({Predecessor:} 10... dxc4 11. bxc4 e5 12. Nd3 Bd6 13. a4 e4 14. Nb2 Nf8 15. c5 Bc7 16. Nc4 {½-½ (55) Bekker Jensen,D (2338)-Ochsner,T (2355) Aarhus 2004}) 11. Bb2 b6 12. Qd2 dxc4 13. bxc4 e5 14. Nd3 Ba6 15. Nb4 Bb7 16. d5 cxd5 17. cxd5 {next Nc6 is good for White.} Nc5 18. Rad1 a6 $1 19. f3 Rc8 20. Qc2 b5 21. Qf5 Qb6 {Threatens to win with ...Na4.} 22. Kh1 Re7 (22... Rc7 $17) 23. Nca2 (23. Nc6 $1 $11 {remains equal.} Rec7 24. g4 (24. Nxe5 Bxe5 25. Qxe5 Ncd7 $17)) 23... Rce8 (23... Na4 $17 24. Bc1 Rec7) 24. e4 (24. Qb1 $15) 24... Na4 $17 25. Bc1 a5 (25... Rc7 {seems wilder.} 26. Qg5 a5 27. Nd3 h6 28. Qd2 Rec8) 26. Nc6 Bxc6 27. dxc6 Qxc6 28. Rxd6 $2 (28. Bg5 $1 $15) 28... Qxd6 $19 29. Bxb5 Qc5 $2 (29... Rb8 $19 30. Bxa4 Qd4) 30. Bxe8 $15 ({Don't go for} 30. Bxa4 $2 Qc4 $19) 30... Qc4 {[%cal Rc4f1]} 31. Rf2 (31. Rg1 $1 $15 Nxe8 32. Qg5) 31... Rxe8 $17 32. h4 Nc3 (32... Nc5 $17 33. Be3 Ncd7) 33. Nxc3 $11 Qxc3 34. Rf1 Qc4 35. Rg1 Re6 36. Bb2 Qb5 37. Ba1 Nd7 38. Rd1 Nf8 39. Kh2 Qb3 40. Rd5 $40 {[%mdl 128] White is up to no good.} Qxa3 (40... f6 $1 $11 {keeps the balance.}) 41. Bxe5 $16 Qe7 {[#]} 42. Bg3 $1 ({Wrong is} 42. Rxa5 $2 Qxh4+ 43. Qh3 Qe1 $19) 42... a4 43. Ra5 a3 44. Qd5 Qb4 45. Qa8 Qe7 46. Rxa3 Rh6 (46... Rd6 $16 {was necessary.} 47. Ra7 (47. Bxd6 Qxh4+ 48. Kg1 Qe1+ 49. Kh2 Qh4+ 50. Kg1 Qe1+ 51. Kh2 Qh4+ $11) 47... Rd8 48. Rxe7 Rxa8) 47. Ra1 $18 g5 (47... Rxh4+ {might work better.} 48. Bxh4 Qxh4+ 49. Kg1 Qf6) 48. Qa7 (48. Qb8 $18) 48... Qxa7 $16 49. Rxa7 gxh4 {[%mdl 4096] Endgame KRB-KRN} 50. Bf4 Rg6 51. Ra8 {And now Be5 would win.} Kg7 52. Be5+ f6 53. Ra7+ Kg8 54. Bd6 {Ra8 is the strong threat.} Ne6 55. Re7 Ng7 56. Rb7 h5 (56... f5 $142) 57. Bb4 (57. Rb8+ $142 Kf7 58. Rb7+ Kg8 59. Bf4) 57... Ne6 ({Better is} 57... f5) 58. Bd2 Ng5 59. Rb3 Kf7 60. Be1 Rg8 61. Bxh4 Re8 62. Bf2 Kg6 63. Rb6 Re6 64. Rb5 Nf7 65. Kh3 Nd6 66. Rb6 Nf7 67. Rb5 Nd6 $1 {[%cal Rd6b5]} 68. Rd5 Ne8 69. Bc5 Nc7 70. Rd7 Rc6 71. Be3 Ne6 72. Rd5 Ng7 73. Bd4 Ne6 {aiming for ...Nf4+.} 74. Kg3 Ng5 75. Be3 Re6 76. Kf2 Rc6 77. Bxg5 fxg5 {KR-KR} 78. Ke3 h4 79. Rd8 Rc2 80. Rd2 Rc6 81. Ra2 Rd6 {[#]} (81... Rc3+ $11 82. Kd4 Rb3) 82. e5 ({White should play} 82. g3 $1 $16) 82... Rc6 83. Ke4 Rc4+ 84. Kd5 Rc1 85. Re2 Kf5 $2 {[%mdl 8192]} (85... Rd1+ $11 86. Ke6 Rd3) 86. e6 Rd1+ 87. Kc6 Rc1+ 88. Kd7 Rd1+ 89. Ke7 Rd5 {Precision: White = 40%, Black = 38%.} 1-0

[Event "15th Kesan Open 2017"]
[Site "Kesan"]
[Date "2017.08.14"]
[Round "2.7"]
[White "Aydin, Hakan Arda"]
[Black "Guseynov, Alihan"]
[Result "1/2-1/2"]
[WhiteElo "1735"]
[BlackElo "2399"]
[Annotator "TA"]
[PlyCount "101"]
[EventCountry "TUR"]
[SourceTitle "playchess.com"]
[Source "ChessBase"]
[SourceQuality "1"]

{[%evp 13,101,0,19,-4,44,27,27,6,26,18,35,33,20,-31,-26,-85,-76,-72,-70,-68,-79,-77,-62,-68,-70,-71,-7,-57,0,-122,-92,-123,-123,-126,-117,-161,-152,-165,-155,-193,-109,-188,-176,-156,-124,-237,-224,-233,-223,-173,-180,-182,-159,-178,-158,-165,-172,-175,-174,-171,-143,-160,-138,-178,-140,-252,-252,-214,-41,-47,-43,-33,-31,-41,-118,-111,-103,-93,-31,-32,-8,-8,0,0,0,-8,0,0,0,-8]} 1. e4 g6 2. d4 Bg7 3. Nc3 d6 4. g3 Nc6 5. Be3 e5 6. d5 Nce7 {B06: Modern Defence} 7. Bg2 f5 {LiveBook: 5 Games} 8. Qd2 h6 $146 ({Find the theoretical novelty and annotate with similar games:} 8... Nf6 9. exf5 Nxf5 10. Bg5 h6 11. Bxf6 Qxf6 12. Ne4 Qe7 13. Ne2 O-O 14. O-O {1-0 (38) Horvath,G (2257)-Tolnai,T (2477) Hungary 2014}) 9. f3 Nf6 10. h3 Nh5 11. Nge2 Nxg3 12. Nxg3 {And now exf5 would win.} f4 13. Bxf4 (13. Bf2 $11 fxg3 14. Bxg3) 13... exf4 $15 14. Qxf4 (14. Nge2 $1 $11) 14... Be5 $36 {[%mdl 2048] Black is in control.} 15. Qh4 {[#]} Nxd5 $1 {[%mdl 512]} 16. Qxd8+ (16. Nxd5 Qxh4) 16... Kxd8 17. Nxd5 {Ne2 is the strong threat.} Bxg3+ 18. Ke2 c6 19. Ne3 g5 ({Better is} 19... Be5 $17) 20. Rag1 (20. h4 $5) 20... h5 (20... Bh4 $15) 21. Nf1 (21. h4 $1 $11) 21... Be5 22. b3 h4 23. Ne3 Be6 24. c4 a5 {[%cal Ba7a5,Ba5a4][%mdl 32]} 25. a3 Ke7 26. Bf1 Rhg8 (26... a4 $19 27. b4 Bb2) 27. Kd3 (27. Kd2 $17 {was necessary.}) 27... a4 28. b4 Bb2 29. Nc2 (29. Be2 $17 {might work better.}) 29... b5 $19 30. cxb5 cxb5 31. Kd2 Rab8 32. Bd3 Be5 33. Ne3 Bf4 34. Ke2 Rgc8 35. Rc1 Rxc1 36. Rxc1 Bxe3 $1 ({Worse is} 36... Bxh3 37. Nd5+ Kf7 38. Nxf4 $14) 37. Kxe3 Bxh3 {[%mdl 4096] Endgame KRB-KRB} 38. Rg1 Kf6 39. f4 (39. Rc1 $17) 39... gxf4+ 40. Kxf4 {intending Rh1.} Be6 $2 (40... Bd7 $1 $19 {White must now prevent ...h3.} 41. Rg5 Rh8) 41. Rh1 $15 h3 {Hoping for ...Bd7.} 42. Bf1 Rh8 {Threatens to win with ...Rh4+.} 43. Bxb5 Rh4+ 44. Kf3 {[#]} Ke5 $1 45. Bc6 {[#]} Rf4+ ({Black should play} 45... Rh6 $1 $17 46. b5 d5) 46. Kg3 $1 Rf8 {White should prevent ...Rg8+.} 47. Rg1 {The position is equal.} Rg8+ 48. Kh2 {Strongly threatening Rxg8.} Rf8 49. Kg3 ({Don't play} 49. Bxa4 Rf2+ 50. Kg3 Ra2 $17) 49... Kd4 50. Rd1+ Ke5 51. Rg1 {Precision: White = 45%, Black = 52%.} 1/2-1/2

[Event "15th Kesan Open 2017"]
[Site "Kesan"]
[Date "2017.08.14"]
[Round "2.8"]
[White "Markidis, Konstantinos"]
[Black "Buke, Furkan"]
[Result "1-0"]
[WhiteElo "2350"]
[BlackElo "1714"]
[Annotator "TA"]
[PlyCount "79"]
[EventCountry "TUR"]
[SourceTitle "playchess.com"]
[Source "ChessBase"]
[SourceQuality "1"]

{[%evp 15,79,1,38,-9,14,12,38,16,12,-16,-2,-3,-9,-26,10,10,16,15,8,15,43,44,66,50,97,99,112,112,134,120,279,181,243,239,230,128,154,156,218,218,376,386,387,387,410,383,350,381,431,426,424,423,425,382,422,410,415,415,1017,948,847,813,5314,5314,6287,6187]} 1. e4 c5 2. Nf3 g6 3. Bc4 Bg7 4. c3 e6 5. d4 cxd4 6. O-O {B27: Sicilian: 2 Nf3, unusual Black 2nd moves} (6. cxd4 d5 7. exd5 exd5 8. Bb3 Ne7 9. h3 Nbc6 10. O-O O-O 11. Nc3 h6 12. Bf4 Bf5 {0-1 (43) Safarli,E (2649)-Iturrizaga Bonelli,E (2653) Dubai 2014}) 6... Ne7 7. Nxd4 O-O 8. Bg5 a6 {LiveBook: 4 Games} 9. a4 d6 $146 {[%cal Bd7d6,Bd6d5][%mdl 32]} ({Predecessor:} 9... b6 10. Re1 d6 11. Na3 Ra7 12. Ba2 h6 {1-0 (54) Godena,M (2522)-Gromovs,S (2375) Bratto 2005}) 10. Na3 Qc7 (10... h6 $5 {[%cal Rh6g5]} 11. Be3 d5 $11) 11. Qd2 Nbc6 12. Rfd1 Nxd4 13. cxd4 d5 14. Bd3 Nc6 15. Nc2 Nxd4 16. Nxd4 Bxd4 17. exd5 Bg7 18. Rac1 Qd6 19. Bc4 {aiming for dxe6.} exd5 20. Bxd5 Qb6 21. b4 {Bd8! is the strong threat.} Bg4 22. Re1 $36 {[%mdl 2048] White is on the roll.} Bf5 $2 (22... Rfe8 $16 {was necessary.}) 23. a5 Qb5 (23... Qd4 $142) 24. Rc7 $18 Rac8 25. Rec1 ({Better is} 25. Rxb7 $18 Qd3 26. Qxd3 Bxd3 27. Rc1) 25... Rxc7 26. Rxc7 Qa4 (26... Be6 $16 {is a better defense.} 27. Bxe6 (27. Bxb7 Rb8 $16) 27... Qe5) 27. Bxb7 Re8 $2 (27... h6) 28. Bxa6 h6 29. Be3 Bf6 30. Rc5 {Hoping for Bb5.} Rd8 {[#]} 31. Rd5 $1 {[%cal Rd5d8]} Rxd5 32. Qxd5 Qxb4 33. Bf1 Be4 34. Qd2 Bc3 35. Qd8+ Kg7 36. a6 Bf6 {[#]} (36... h5 $142 37. a7 Qa4) 37. Bxh6+ $1 {[%mdl 512] White is clearly winning.} Kxh6 38. Qxf6 Qb1 39. h4 {[%cal Rf6h8]} Kh7 40. Qxf7+ {Precision: White = 70%, Black = 22%.} 1-0

[Event "15th Kesan Open 2017"]
[Site "Kesan"]
[Date "2017.08.14"]
[Round "2.9"]
[White "Kavukcu, Mustafa"]
[Black "Rahmanov, Shahriyar"]
[Result "0-1"]
[WhiteElo "1663"]
[BlackElo "2327"]
[Annotator "RC"]
[PlyCount "56"]
[EventCountry "TUR"]
[SourceTitle "playchess.com"]
[Source "ChessBase"]
[SourceQuality "1"]
[TimeControl "5400+30"]

1. e4 {[%emt 0:00:30]} g6 {[%emt 0:01:00]} 2. d4 {[%emt 0:00:30]} Bg7 {[%emt 0:00:30]} 3. Nc3 {[%emt 0:00:30]} d6 {[%emt 0:00:30]} 4. Bc4 {[%emt 0:00:00]} c6 {[%emt 0:00:30]} 5. Nf3 {[%emt 0:01:00]} Nf6 {[%emt 0:00:30]} 6. O-O {[%emt 0:02:30]} O-O {[%emt 0:00:30]} 7. a4 {[%emt 0:03:30]} Bg4 {[%emt 0:07:30]} 8. h3 {[%emt 0:07:30]} Bxf3 {[%emt 0:01:30]} 9. Qxf3 {[%emt 0:00:30]} Nbd7 {[%emt 0:00:30]} 10. Be3 {[%emt 0:06:30]} e5 {[%emt 0:00:30]} 11. Rad1 {[%emt 0:02:30]} Qe7 {[%emt 0:00:30]} 12. Rfe1 {[%emt 0:05:30]} Kh8 {[%emt 0:06:30]} 13. Qe2 {[%emt 0:04:30]} a6 {[%emt 0:10:30]} 14. Bb3 {[%emt 0:03:30]} b5 {[%emt 0:16:30]} 15. axb5 {[%emt 0:16:30]} axb5 {[%emt 0:01:30]} 16. dxe5 {[%emt 0:09:30]} dxe5 {[%emt 0:02:30]} 17. Bg5 {[%emt 0:02:30]} h6 {[%emt 0:09:30]} 18. Bxf6 {[%emt 0:01:30]} Nxf6 {[%emt 0:00:30]} 19. Ra1 {[%emt 0:01:30]} Nd7 {[%emt 0:01:30]} 20. Qe3 {[%emt 0:07:30]} Rxa1 {[%emt 0:07:30]} 21. Rxa1 {[%emt 0:00:30]} Nc5 {[%emt 0:00:00]} 22. Ne2 {[%emt 0:00:30]} Kh7 {[%emt 0:10:00]} 23. Nc1 {[%emt 0:06:17]} Rd8 {[%emt 0:10:18]} 24. Nd3 {[%emt 0:09:04]} Rxd3 {[%emt 0:02:41]} 25. cxd3 {[%emt 0:00:21]} Nxb3 {[%emt 0:00:04]} 26. Ra7 {[%emt 0:00:08]} Qf6 {[%emt 0:02:12]} 27. Qb6 {[%emt 0:01:32]} Bf8 {[%emt 0:01:21]} 28. Qc7 {[%emt 0:02:26]} Kg7 {[%emt 0:00:23]} 0-1

[Event "15th Kesan Open 2017"]
[Site "Kesan"]
[Date "2017.08.14"]
[Round "2.10"]
[White "Ilkbahar, Nimet Seray"]
[Black "Dimitrov, Atanas"]
[Result "0-1"]
[WhiteElo "1622"]
[BlackElo "2317"]
[Annotator "TA"]
[PlyCount "70"]
[EventCountry "TUR"]
[SourceTitle "playchess.com"]
[Source "ChessBase"]
[SourceQuality "1"]

{[%evp 14,70,2,0,9,-14,12,8,23,8,44,4,46,-11,11,-3,-26,-70,-70,-70,-66,-67,-67,-68,-64,-68,-74,-90,-82,-93,-60,-60,-60,-60,-60,-60,-51,-63,-46,-46,-54,-54,-60,-85,-64,-76,-74,-88,-89,-109,-87,-101,-98,-522,-515,-532,-524,-556,-549]} 1. e4 g6 2. d4 Bg7 3. Nf3 c5 4. c3 cxd4 5. cxd4 d5 6. e5 Nc6 7. Nc3 Bg4 8. Be3 {LiveBook: 30 Games} a6 {B27: Sicilian: 2 Nf3, unusual Black 2nd moves} (8... e6 9. h3 Bxf3 10. Qxf3 f6 11. Bb5 fxe5 12. dxe5 Nge7 13. O-O-O a6 14. Bxc6+ Nxc6 15. Qg4 Qe7 16. f4 {½-½ (32) Shirov,A (2732)-Perelshteyn,E (2534) Edmonton 2009}) 9. Be2 Bxf3 10. Bxf3 e6 {The position is equal.} 11. O-O Nge7 12. Na4 O-O $146 13. Nc5 (13. Bg4 $14) 13... b6 14. Nd3 Nf5 $36 {[%mdl 2048] Black is pushing.} 15. Nc1 f6 16. exf6 Qxf6 {[%cal Rc6d4]} 17. Ne2 Ncxd4 18. Nxd4 Nxd4 19. Bxd4 Qxd4 20. Qe2 Rfe8 21. Rab1 Qa4 22. b3 Qb5 23. Qd2 a5 24. Rbc1 Qb4 25. Qe2 Qd6 26. Rfd1 Rac8 27. Rxc8 Rxc8 28. Bg4 Re8 29. Qb5 Re7 30. Bf3 Qc5 31. Qe2 Bf6 32. Bg4 Kg7 33. Bxe6 $2 {[%mdl 8192] [#]} (33. g3 $17 {is more resistant.}) 33... Qd6 $19 {Black is clearly winning.} 34. Re1 Bc3 35. Qd3 d4 {Precision: White = 39%, Black = 63%.} ({Stronger than} 35... Bxe1 36. Qd4+ Kh6 37. Qh4+ Kg7 38. Qd4+ Kh6 39. Qh4+ Kg7 40. Qd4+ $11) 0-1

[Event "15th Kesan Open 2017"]
[Site "Kesan"]
[Date "2017.08.14"]
[Round "3.1"]
[White "Hajiyev, Shahin"]
[Black "Savchenko, Boris"]
[Result "0-1"]
[WhiteElo "2006"]
[BlackElo "2602"]
[Annotator "TA"]
[PlyCount "128"]
[EventCountry "TUR"]
[SourceTitle "playchess.com"]
[Source "ChessBase"]
[SourceQuality "1"]

{[%evp 10,128,2,-27,-21,-19,-13,-30,-24,-56,-14,-25,-29,-20,-50,-75,-60,-68,-10,-132,-119,-119,-125,-129,-91,-151,-144,-144,-144,-144,-144,-219,-205,-194,-139,-143,-133,-180,-164,-194,-181,-189,-198,-188,-110,-102,-97,-98,-114,-112,-113,-116,-116,-116,-116,-116,-76,-98,-96,-116,-114,-114,-115,-119,-112,-113,-107,-130,-121,-122,-122,-122,-113,-122,-122,-123,-122,-112,-118,-114,-96,-96,-96,-96,-103,-101,-67,-71,-78,-127,-127,-128,-129,-134,-134,-134,-134,-142,-87,-88,-97,-81,-81,-87,-97,-765,-741,-629,-693,-766,-644,-763,-764,-754,-748,-714,-651,-29973,-29974,-6550,-6548]} 1. d4 Nf6 2. c4 e6 3. Nf3 c5 4. d5 b5 5. cxb5 exd5 6. e3 {LiveBook: 5 Games. E10: Blumenfeld Gambit} a6 (6... Be7 7. Be2 O-O 8. O-O a6 9. Nc3 Bb7 10. Rb1 axb5 11. Bxb5 Qb6 12. Ba4 Nc6 13. Bb3 {0-1 (70) Colmenares,A (2345)-Riff,J (2514) Switzerland 2016}) 7. Nc3 Bb7 8. Be2 {The position is equal.} axb5 9. Bxb5 g6 $146 ({Predecessor:} 9... Be7 10. O-O O-O 11. b4 cxb4 12. Ne2 Qb6 13. Bd3 {½-½ (35) Reis,A (2082)-Portes,D Sao Paulo 2016}) 10. O-O Bg7 11. a4 O-O 12. Ra2 Na6 13. b3 Ne4 (13... Qe7 $15) 14. Nb1 (14. Nxd5 $11 {keeps the balance.} Bxd5 15. Qxd5) 14... Nb4 $17 15. Re2 Nd6 16. Ba3 Qa5 17. Qd2 (17. Nd4 $142) 17... Nxb5 18. Bxb4 cxb4 19. axb5 Qxb5 {White must now prevent ...Ba6.} 20. Rc1 (20. Nd4 $17 Qb6 21. Rd1) 20... Rfe8 $1 $19 21. Ree1 {[#]} Qb6 ({Better is} 21... d4 $1 $19 {[%mdl 512] Strongly threatening ...Bxf3.} 22. Nxd4 (22. exd4 Bxf3) 22... Qd5) 22. Red1 Rec8 23. Nd4 h5 24. Qb2 Ba6 25. Nd2 {[#]} Be2 $1 {[%mdl 512]} 26. Re1 (26. Nxe2 Bxb2) 26... Bd3 ({Black should play} 26... Rxc1 $19 27. Qxc1 Bxd4 28. exd4 Qa6) 27. N2f3 $17 Bf6 28. Rxc8+ Rxc8 29. Rc1 Qa6 30. Qd2 {And now Rxc8+ would win.} Rxc1+ 31. Qxc1 Be4 32. Qd1 Qc8 (32... h4 {keeps more tension.} 33. g4 g5 34. h3 Qc8 35. Nb5 Qc6) 33. h3 h4 34. Nd2 Bd3 35. N2f3 Qc3 36. Ne1 Be4 37. Nef3 Kg7 38. Nb5 Qb2 {Threatens to win with ...Bc2.} 39. Nbd4 Kf8 40. Kf1 Ke7 41. Kg1 g5 42. Qe1 Qc3 {...Bxf3 is the strong threat.} 43. Qd1 Kd8 44. Nb5 Qd3 (44... Qb2 {seems wilder.} 45. Nfd4 Qb1 46. Qxb1 Bxb1 47. Nf3 Ke7) 45. Qxd3 Bxd3 {[%mdl 4096] Endgame KBB-KNN} 46. Nbd4 Kc7 47. Ne1 Ba6 (47... Be4 {seems wilder.} 48. Nec2 Be7 49. Ne1 Kb6 50. Kf1 Bf6) 48. Nec2 Be7 49. f3 Kb6 50. Kf2 Kc5 51. g4 Bd6 52. Nf5 Be5 53. Ncd4 {[#]} Bd3 (53... f6 $142 $1 54. Kg2 Bd3) 54. Ke1 Bg3+ 55. Kd2 Bf1 56. Ne2 {[#]} Bf2 $1 ({Of course not} 56... Bxh3 $6 57. Nexg3 hxg3 58. Nxg3 $11) 57. Ned4 $2 {[%mdl 8192]} (57. Nc1 $17) 57... Bxh3 $19 58. Ke2 Bg1 59. Nc2 Bg2 60. Ne1 h3 61. Ng3 Kb5 62. Nd3 h2 63. Nf2 Bxf2 64. Kxf2 h1=Q {Precision: White = 46%, Black = 79%.} 0-1

[Event "15th Kesan Open 2017"]
[Site "Kesan"]
[Date "2017.08.14"]
[Round "3.2"]
[White "Sanikidze, Tornike"]
[Black "Daghan, Devran"]
[Result "1-0"]
[WhiteElo "2548"]
[BlackElo "2039"]
[Annotator "TA"]
[PlyCount "93"]
[EventCountry "TUR"]
[SourceTitle "playchess.com"]
[Source "ChessBase"]
[SourceQuality "1"]

{[%evp 16,93,19,0,31,31,41,32,39,36,82,60,67,78,63,64,72,71,61,41,56,45,48,44,95,35,168,167,212,200,205,193,201,117,118,110,119,121,149,154,154,150,149,143,143,141,203,204,197,200,193,191,314,38,287,279,264,244,409,305,374,342,338,299,419,431,489,472,608,597,593,577,704,701,949,945,29989,29990,29993,29985]} 1. d4 d5 2. c4 c6 3. Nf3 Nf6 4. cxd5 cxd5 5. Nc3 e6 6. Bf4 Bd6 7. Ne5 {D13: Slav Defence: Exchange variation without ...Bf5} (7. Bxd6 Qxd6 8. e3 O-O 9. Bd3 a6 10. O-O {½-½ (10) Rusev,K (2543)-Burmakin,V (2627) Navalmoral 2009}) 7... O-O 8. e3 Nc6 9. Bd3 {LiveBook: 3 Games. The position is equal.} Qe7 (9... Bxe5 $5 10. dxe5 Nd7 $11) 10. O-O Nd7 {[%cal Rd7e5]} 11. Nf3 $146 ({Predecessor:} 11. Nxc6 bxc6 12. Bxd6 Qxd6 13. f4 f5 14. Na4 c5 15. Rc1 c4 16. Bb1 {0-1 (34) Reyes Rodriguez,J (1719)-Pena Ramirez,A (2012) Santo Domingo 2017}) 11... h6 12. Rc1 f5 13. Re1 g5 14. Bxd6 Qxd6 15. Bb5 {[%cal Bd3b5,Bb5a4,Ba4c2][%mdl 32]} Ndb8 16. Ba4 a6 17. Bc2 (17. Bxc6 $5 Nxc6 18. Na4 $14) 17... Nd7 18. Bb1 Nf6 19. Na4 Ne4 (19... Bd7 $14) 20. Nd2 (20. Ne5 $16) 20... g4 (20... Rb8 $14) 21. Bxe4 fxe4 22. Nb6 Rb8 23. Qxg4+ Kh7 24. Nxc8 (24. Qg3 $18 Qxg3 25. hxg3) 24... Rbxc8 $16 25. f3 Rg8 26. Qh3 Qb4 27. Rcd1 exf3 28. Nxf3 Rcf8 29. Re2 ({Inferior is} 29. Qxe6 Rxf3 30. Qxd5 Rf6 $11) 29... Qe7 30. e4 Qf6 (30... Qf7 $16) 31. exd5 $18 exd5 {White must now prevent ...Qxf3.} 32. Re6 Qf4 33. Qh5 Rg7 {[#]} (33... Nd8 $142 34. Rb6 Rg7) 34. Kf1 $2 ({White has to play} 34. h4 $1 $18 Nd8 35. Ng5+ Kg8 36. Rxh6 Qf2+ 37. Kh2) 34... Rf5 $2 {[#]} ({Don't go for} 34... Nxd4 $2 {[#]} 35. Rxd4 $1 {[%mdl 512]} Qc1+ 36. Re1 $18) (34... Ne7 $14) 35. Rxh6+ $1 {[%mdl 512]} Qxh6 36. Qxf5+ Kh8 $2 (36... Qg6 {is a better defense.} 37. Qh3+ Kg8) 37. Re1 {Threatens to win with Re6.} Ne7 38. Qf8+ Ng8 39. Qe8 Kh7 (39... Qg6 {was worth a try.} 40. Qxg6 Rxg6) 40. h4 Nf6 41. Qe5 Ne4 {and the idea ...Qg6 leaves Black hopeful.} 42. Qxd5 Nf6 43. Qf5+ Kh8 44. d5 Rd7 45. Ng5 Rg7 {[#]} 46. Re8+ $1 {[%mdl 512]} Ng8 (46... Nxe8 47. Qf8+) 47. Rxg8+ {Precision: White = 66%, Black = 25%.} 1-0

[Event "15th Kesan Open 2017"]
[Site "Kesan"]
[Date "2017.08.14"]
[Round "3.3"]
[White "Rasulov, Vugar"]
[Black "Ivanov, Boris"]
[Result "1-0"]
[WhiteElo "2509"]
[BlackElo "2036"]
[Annotator "TA"]
[PlyCount "75"]
[EventCountry "TUR"]
[SourceTitle "playchess.com"]
[Source "ChessBase"]
[SourceQuality "1"]

{[%evp 17,75,10,11,18,12,14,16,18,10,8,12,3,19,21,20,7,10,13,31,32,32,35,37,27,27,36,33,10,9,26,24,20,18,16,17,14,143,141,165,111,116,80,60,48,60,20,33,32,39,0,82,45,225,222,222,212,212,138,206,145]} 1. d4 Nf6 2. Bg5 e6 3. Nd2 d5 4. e3 Be7 5. Bd3 Nbd7 6. Ngf3 O-O 7. O-O c5 8. c3 Qc7 9. Qe2 b6 {LiveBook: 8 Games. D03: 1 d4 d5 2 Nf3 Nf6 3 Bg5, including Torre Attack with early ...d5} 10. Bf4 (10. Rac1 Bb7 11. c4 Bd6 12. b4 Ne4 13. cxd5 exd5 14. dxc5 bxc5 15. bxc5 Ndxc5 16. Nb3 Rfc8 17. Nxc5 Bxc5 {1-0 (41) Jones,G (2665)-Meier,G (2632) Helsingor 2014}) 10... Bd6 11. Bxd6 Qxd6 {The position is equal.} 12. e4 dxe4 $1 13. Nxe4 Qe7 14. dxc5 {[#]} bxc5 $146 ({Predecessor:} 14... Nxc5 15. Nxc5 Qxc5 16. Qe5 Qe7 17. Nd4 {0-1 (38) Barnes,M (2260)-Emms,J (2530) Hove 1997}) 15. Rfd1 Bb7 16. Nd6 Bxf3 17. Qxf3 Ne5 18. Qe2 Nxd3 19. Rxd3 Rad8 20. Rad1 Rd7 21. g3 $36 {[%mdl 2048] White is pushing.} Rfd8 {[%cal Rd7d6]} 22. Nc4 (22. Nb7 {seems wilder.} Rxd3 23. Rxd3 Rb8 24. Na5 Qc7 25. Nc4) 22... Rxd3 23. Rxd3 Rxd3 24. Qxd3 Nd5 25. Na5 g6 26. Nb3 Qg5 {[#]} (26... Nf6 $11) 27. h4 $1 $16 {[%cal Rh4g5]} ({Reject} 27. Nxc5 $6 Qc1+ 28. Kg2 Qxb2 $11) 27... Qh6 28. Kg2 ({White should try} 28. a3 $18) 28... Qf8 29. Qc4 Qa8 {( -> ...Nf4+)} 30. Kh2 Nf6 $1 31. Nxc5 Qf3 32. Kg1 Ng4 $1 33. Qd4 (33. Qf4 $5 {[%cal Rf4f3]} Qd1+ 34. Kg2 $11) 33... e5 (33... Qe2 $1 $11) 34. Qd2 e4 $2 {[#]} (34... h5 $1 $14) 35. Qd8+ $18 {White is clearly better.} Kg7 36. Qd4+ Nf6 37. b4 Kh6 (37... e3 $16 38. Qxe3 Qxe3 39. fxe3 Nd5) 38. Qe3+ {Precision: White = 58%, Black = 55%.} 1-0